00329nam a22001217a 450000500170000002000220001703500130003903700130005210000190006524500500008426000510013430000220018520120501120046.0 a8176480762c00.00 aA-991600 aDPLbENG aPachauri, S.K. aChildren and human rights /cby S.K. Pachauri aNew DelhibA.P.H. Publishing Corporationc1999 av, 261p.c20 cms.